000 01231pam a2200277 a 4500
999 _c5822
_d5822
001 015474519
003 Uk
005 20251118092632.0
008 100121s2010 si a b 001|0 eng|d
020 _a9789814276894 (pbk.)
040 _aStDuBDS
_beng
_cStDuBDS
_dUk
_dKH8
042 _aukblcatcopy
082 0 4 _a658.314 MOR
_222
100 1 0 _aMorosini, Piero,
_eauthor.
245 1 0 _aSeven keys to imagination :
_bcreating the future by imagining the unthinkable - and delivering it /
_cPiero Morosini.
260 _aLondon :
_bMarshall Cavendish Editions,
_c2010.
300 _a260 p. :
_bill. ;
_c24 cm.
336 _atext
_2rdacontent
337 _aunmediated
_2rdamedia
338 _avolume
_2rdacarrier
504 _aIncludes bibliographical references and index.
520 _aAs a radically new world emerges from one of the deepest global crises in living memory, individuals, teams, organizations and even entire countries will feel the urge to reinvent themselves in order to fit in. They will need to apply their imagination their capacity to dream and to pursue those dreams with determination.
650 0 _aCreative ability in business.
690 7 _aManagement and Business Studies
_2blcoll
942 _2ddc
_cNFIC